Recommendations of the task force on simplification of procedures for industry / (Record no. 720427)

MARC details
000 -LEADER
fixed length control field 00919nam a2200277 a 4500
001 - CONTROL NUMBER
control field vtls001349858
003 - CONTROL NUMBER IDENTIFIER
control field NLI
005 - DATE AND TIME OF LATEST TRANSACTION
control field 20210627081533.0
008 - FIXED-LENGTH DATA ELEMENTS--GENERAL INFORMATION
fixed length control field 120623s1954 ii s000 0 eng
039 #9 - LEVEL OF BIBLIOGRAPHIC CONTROL AND CODING DETAIL [OBSOLETE]
-- 201206231945
-- VLOAD
040 ## - CATALOGING SOURCE
Original cataloging agency NLI
Language of cataloging eng
Transcribing agency Datasoft_IOD_S
Description conventions AACR2
041 0# - LANGUAGE CODE
Language code of text/sound track or separate title eng
044 ## - COUNTRY OF PUBLISHING/PRODUCING ENTITY CODE
MARC country code ii
082 04 - DEWEY DECIMAL CLASSIFICATION NUMBER
Classification number 338
110 1# - MAIN ENTRY--CORPORATE NAME
Corporate name or jurisdiction name as entry element India.
Subordinate unit Department of Industrial Policy
9 (RLIN) 836133
245 10 - TITLE STATEMENT
Title Recommendations of the task force on simplification of procedures for industry /
Statement of responsibility, etc. Department of industrial policy, Government of India
260 ## - PUBLICATION, DISTRIBUTION, ETC.
Place of publication, distribution, etc. Bengal :
Name of publisher, distributor, etc. Government of West Bengal,
Date of publication, distribution, etc. 1954
300 ## - PHYSICAL DESCRIPTION
Extent 111 p. ;
Dimensions 24 cm.
650 #0 - SUBJECT ADDED ENTRY--TOPICAL TERM
Topical term or geographic name entry element Industries
Geographic subdivision India
650 #0 - SUBJECT ADDED ENTRY--TOPICAL TERM
Topical term or geographic name entry element Industrial organization (Economic theory)
9 (RLIN) 742910
887 ## - NON-MARC INFORMATION FIELD
Content of non-MARC field
901 ## - LOCAL DATA ELEMENT A, LDA (RLIN)
a 132329 date
b 18.07.2000
902 ## - LOCAL DATA ELEMENT B, LDB (RLIN)
a GP 338.(5415) R 245
949 ## - LOCAL PROCESSING INFORMATION (OCLC)
-- VIRTUAITEM
-- 10002
-- 100
6 IOD000132329ENG
942 ## - ADDED ENTRY ELEMENTS (KOHA)
Source of classification or shelving scheme Dewey Decimal Classification
Koha item type Books
Holdings
Withdrawn status Lost status Damaged status Not for loan Collection code Home library Current library Shelving location Date acquired Total Checkouts Full call number Barcode Date last seen Price effective from Koha item type
        Government Publications National Library of India National Library of India Annexe Reading Room & Stack Division     GP 338.(5415) R 245 IOD000132329ENG 27/06/2021 27/06/2021 Books
                                                                           
web counter

Copyright ©2020 The National Library of India, Govt. of India ↔ Hosted by NVLI, MOC ↔ Technology and Design by National Library of India, Ministry of Culture, Govt. of India